Evaluation of cold tolerance for Amazon wild Hevea germplasms (Record no. 58909)

MARC details
000 -LEADER
fixed length control field 00575nam a2200145Ia 4500
100 ## - MAIN ENTRY--AUTHOR NAME
Personal name Hu Y S
245 #0 - TITLE STATEMENT
Title Evaluation of cold tolerance for Amazon wild Hevea germplasms
260 ## - PUBLICATION, DISTRIBUTION, ETC. (IMPRINT)
Name of publisher Climate Change, Low Carbon Economy and Sustainable Natural Rubber Industry: Preprints of Proceedings of IRRDB International Rubber Conference 2010, 18-19 October 2010 Sanya, Hainan, China, pp. 444-445.
650 ## - SUBJECT ADDED ENTRY--TOPICAL TERM
Topical Term Amazon wild germplasm
650 ## - SUBJECT ADDED ENTRY--TOPICAL TERM
Topical Term Cold tolerance
650 ## - SUBJECT ADDED ENTRY--TOPICAL TERM
Topical Term Evaluation
856 ## - ELECTRONIC LOCATION AND ACCESS
Uniform Resource Identifier Abst only
942 ## - ADDED ENTRY ELEMENTS (KOHA)
Koha item type Journals
Holdings
Withdrawn status Lost status Damaged status Not for loan Home library Current library Shelving location Date acquired Koha item type
      Journals RRII Library RRII Library Germaplsm 14/08/2012 Journals